000 00742nam a22002652 4500
001 0000002158
003 OSt
005 20220223113636.0
008 070403s xx 000 0 eng d
020 _a0357033779
040 _aKABU
_cKABU
050 0 _aHF5415
_b.B66
100 1 _aBoone, Louis E.
245 1 0 _aContemporary marketing
_cLouis E. Boone
250 _a18th ed.
260 _aAustralia
_bcengage learning
_c2019
300 _a1 v. (various paging)
440 4 _aThe Dryden Press series in marketing
504 _aIncludes bibliographical references and indexes.
650 0 _aMarketing.
700 1 _aKurtz, David L.
908 _a070403
942 _2lcc
_cBK
999 _c19231
_d19230